Kháng chiến nhất định thắng lợi
Tài liệu được xem như là một phương châm quyết chiến với thực dân Pháp để giành độc lập, thống nhất thật sự cho Tổ quốc, giữ vững và mở rộng chế độ Cộng hòa dân chủ Việt Nam, và góp phần bảo vệ hòa bình, dân chủ trên thế gi...
Сохранить в:
| Главный автор: | |
|---|---|
| Формат: | |
| Язык: | Undetermined |
| Опубликовано: |
Hà Nội
1947
|
| Предметы: | |
| Метки: |
Добавить метку
Нет меток, Требуется 1-ая метка записи!
|
| Thư viện lưu trữ: | Trung tâm Học liệu Trường Đại học Cần Thơ |
|---|
| LEADER | 00921nam a2200205Ia 4500 | ||
|---|---|---|---|
| 001 | CTU_145658 | ||
| 008 | 210402s9999 xx 000 0 und d | ||
| 082 | |a 959.7401 | ||
| 082 | |b Tr561 | ||
| 100 | |a Trường Chinh | ||
| 245 | 0 | |a Kháng chiến nhất định thắng lợi | |
| 245 | 0 | |c Trường Chinh | |
| 260 | |a Hà Nội | ||
| 260 | |c 1947 | ||
| 520 | |a Tài liệu được xem như là một phương châm quyết chiến với thực dân Pháp để giành độc lập, thống nhất thật sự cho Tổ quốc, giữ vững và mở rộng chế độ Cộng hòa dân chủ Việt Nam, và góp phần bảo vệ hòa bình, dân chủ trên thế giới. | ||
| 650 | |a Vietnam | ||
| 650 | |x History | ||
| 650 | |y 1946-1954 | ||
| 904 | |i Giang | ||
| 980 | |a Trung tâm Học liệu Trường Đại học Cần Thơ | ||